000 00853nam a2200253Ia 4500
003 OSt
005 20220923225030.0
006 a|||||r|||| 00| 0
007 ta
008 220922b |||||||| |||| 00| 0 hin d
024 _a255,516
037 _cTextual
040 _aARTS
_cARTS
_bhin
041 _2hin
_ahin
082 _aO152,3N31:g, M7
100 _aशर्मा, ब्रजमोहन
245 0 _aकथालेखिका मन्नू भण्डारी
246 _aKathālekhikā hinnū bhaṇḍārī
260 _aदिल्ली
_b कादम्बरी प्रकाशन
_c1987
300 _a132पृ.
_ccm.
650 _aहिन्दी साहित्य
_9156264
942 _hO152,3N31:g, M7
_cTEXL
_2CC
999 _c375533
_d375533